| 000 | 01655nam a2200337Ia 4500 | ||
|---|---|---|---|
| 001 | ebr10068349 | ||
| 003 | CaPaEBR | ||
| 006 | m u | ||
| 007 | cr cn||||||||| | ||
| 008 | 830105s1982 dcua sb 000 0 eng d | ||
| 010 | _z 82061277 | ||
| 020 | _z0309032997 (pbk.) | ||
| 040 |
_aCaPaEBR _cCaPaEBR |
||
| 035 | _a(OCoLC)326717212 | ||
| 050 | 1 | 4 |
_aQ183.3.A1 _bA77 1982eb |
| 082 | 0 | 4 |
_a500.2/07/1173 _219 |
| 245 | 0 | 3 |
_aAn assessment of research-doctorate programs in the United States _h[electronic resource] : _bmathematical & physical sciences / _cCommittee on an Assessment of Quality-Related Characteristics of Research-Doctorate Programs in the United States ; Lyle V. Jones, Gardner Lindzey, and Porter E. Coggeshall, editors ; sponsored by the Conference Board of Associated Research Councils...[et. al.]. |
| 260 |
_aWashington, D.C. : _bNational Academy Press, _c1982. |
||
| 300 |
_axii, 243 p. : _bill. |
||
| 504 | _aIncludes bibliographical references. | ||
| 533 |
_aElectronic reproduction. _bPalo Alto, Calif. : _cebrary, _d2009. _nAvailable via World Wide Web. _nAccess may be limited to ebrary affiliated libraries. |
||
| 650 | 0 |
_aScience _xStudy and teaching (Higher) _zUnited States _xEvaluation. |
|
| 650 | 0 |
_aResearch _zUnited States _xEvaluation. |
|
| 650 | 0 |
_aDoctor of philosophy degree _zUnited States _xEvaluation. |
|
| 655 | 7 |
_aElectronic books. _2local |
|
| 700 | 1 | _aJones, Lyle V. | |
| 700 | 1 | _aLindzey, Gardner. | |
| 700 | 1 | _aCoggeshall, Porter E. | |
| 710 | 2 | _aebrary, Inc. | |
| 856 | 4 | 0 |
_uhttp://site.ebrary.com/lib/rucke/Doc?id=10068349 _zAn electronic book accessible through the World Wide Web; click to view |
| 999 |
_c28260 _d28260 |
||